000
00282nam a22001217a 4500
041
_a
ENG
100
_a
Maharashta Shasan
245
_a
Maharashta Jal Sinchan Ayog Ahaval Khanda 2
260
_a
Maharashta
_b
Maharashta Shasan
_c
1999
300
_a
597
650
_a
GAE
856
_u
GAE
999
_c
653
_d
653